Kraje strzelców goli w Ekstraklasie 23/24 - Statystyki

Ogólne statystyki
  • Ten quiz został rozwiązany 80 razy
  • Średni wynik to 31 z 45
Statystyki odpowiedzi
Miejsce Kraj Liczba goli Klub z największą ilością goli % Poprawnych
1. Polska 322 Zagłębie Lubin - 36
100%
2. Hiszpania 103 Śląsk Wrocław - 28
97%
11. Niemcy 14 Górnik Zabrze - 8
93%
3. Portugalia 36 Radomiak Radom - 9
93%
8. Szwecja 16 Lech Poznań - 14
93%
17. Brazylia 11 Radomiak Radom - 10
92%
7. Ukraina 16 Raków Częstochowa - 5
92%
12. Słowacja 14 Górnik Zabrze - 8
90%
5. Norwegia 25 Lech Poznań - 10
89%
9. Czechy 15 Legia Warszawa - 8
86%
4. Białoruś 26 Stal Mielec - 16
85%
6. Grecja 21 Pogoń Szczecin - 13
85%
10. Chorwacja 14 Raków Częstochowa - 8
82%
36. Francja 2 Legia / Widzew - 1
82%
18. Japonia 11 Górnik Zabrze - 8
82%
13. Austria 13 Pogoń Szczecin - 8
81%
20. Holandia 9 ŁKS Łódź - 9
79%
29. Serbia 4 Legia Warszawa - 2
79%
21. Słowenia 8 Legia Warszawa - 4
79%
41. Litwa 1 ŁKS Łódź - 1
78%
30. Łotwa 4 Widzew Łódź - 3
78%
40. Stany Zjednoczone 2 Korona Kielce - 2
74%
23. Węgry 6 Ruch Chorzów - 4
74%
25. Belgia 6 Korona Kielce - 6
73%
14. Finlandia 12 Cracovia - 10
71%
45. Bułgaria 1 Śląsk Wrocław - 1
70%
19. Bośnia i Hercegowina 9 Widzew Łódź - 5
68%
16. Rumunia 11 Raków Częstochowa - 4
68%
42. Kanada 1 Korona Kielce - 1
64%
26. Albania 5 Legia Warszawa - 4
63%
37. Turcja 2 Śląsk Wrocław - 2
63%
33. Gruzja 3 Cracovia - 2
60%
28. Macedonia Północna 5 Cracovia - 5
60%
32. Kosowo 4 ŁKS Łódź - 4
59%
35. Kolumbia 2 Legia / Radomiak - 1
56%
22. Mołdawia 7 Puszcza Niepołomice - 7
55%
27. Armenia 5 Pogoń Szczecin - 5
51%
15. Angola 12 Jagiellonia Białystok - 12
47%
44. Islandia 1 Cracovia - 1
45%
31. Wybrzeże Kości Słoniowej 4 Lech Poznań - 4
45%
34. Ekwador 3 Raków Częstochowa - 3
42%
43. Izrael 1 Korona Kielce - 1
41%
38. Malta 2 Stal Mielec - 2
36%
24. Republika Zielonego Przylądka 6 Radomiak Radom - 6
19%
39. Gwinea Bissau 2 Radomiak Radom - 2
5%
Nie znaleziono quizów pasujących do podanych kryteriów
Rozkład punktacji
Procent ludzi z każdym wynikiem
Percentyl według liczby udzielonych odpowiedzi
Twoja historia wyników
Nie rozwiązałeś tego quizu